[Event "The Dragon for the experts"]
[Site "SchemingMind.com"]
[Date "2008.06.21"]
[Round "-"]
[White "dhlala"]
[Black "Apocalypse"]
[Result "0-1"]
[WhiteCountry "AUS"]
[BlackCountry "USA"]
[WhiteElo "2225"]
[WhiteRD "84"]
[BlackElo "2417"]
[BlackRD "81"]
[GameID "159653"]

1. e4 c5 2. Nf3 d6 3. d4 cxd4 4. Nxd4 Nf6 5. Nc3 g6 6. Be3 Bg7 7. f3 Nc6 8. Qd2 O-O 9. Bc4 Bd7 10. O-O-O Ne5
11. Bb3 Rc8 12. Kb1 Re8 13. h4 h5 14. Bh6 Nc4 15. Bxc4 Rxc4 16. Bxg7 Kxg7 17. Rhe1 Qb6 18. e5 dxe5 19. Rxe5 Rec8 20. Ka1 e6
21. Ne4 Rxd4 22. Qxd4 Qxd4 23. Rxd4 Rxc2 24. Kb1 Rxg2 25. Rg5 Rxg5 26. hxg5 Nd5 27. Kc1 Bc6 28. Kd2 e5 29. Rd3 h4 30. Ke1 Nf4
31. Rd2 Bxe4 32. fxe4 Ne6 33. Rg2 h3
0-1

[Event "The Dragon for the experts"]
[Site "SchemingMind.com"]
[Date "2008.06.21"]
[Round "-"]
[White "eraymond"]
[Black "Apocalypse"]
[Result "0-1"]
[WhiteCountry "CAN"]
[BlackCountry "USA"]
[WhiteElo "2268"]
[WhiteRD "95"]
[BlackElo "2439"]
[BlackRD "81"]
[GameID "159654"]

1. e4 c5 2. Nf3 d6 3. d4 cxd4 4. Nxd4 Nf6 5. Nc3 g6 6. Be3 Bg7 7. f3 Nc6 8. Qd2 O-O 9. O-O-O d5 10. exd5 Nxd5
11. Nxc6 bxc6 12. Bd4 Bxd4 13. Qxd4 Qb6 14. Nxd5 cxd5 15. Qxd5 Bf5 16. Qe5 Rfc8 17. Bd3 Be6 18. Be4 Rc5 19. Qxc5 Qxc5 20. Bxa8 Bxa2
21. Be4 Kg7 22. h4 f5 23. Bd3 a5 24. h5 Qe3+ 25. Rd2 a4 26. hxg6 hxg6 27. Kd1 Qb6 28. c3 Bb3+ 29. Kc1 a3 30. bxa3 Qc5
31. Kb2 Qe3 32. Kxb3 Qxd2 33. Bb5 Qxg2 34. Rf1 e5 35. a4 e4 36. fxe4 Qxe4 37. a5 Qe5 38. Kc4 g5 39. a6 g4 40. Ra1 Qe2+
41. Kc5 Qb2 42. Rf1 g3 43. a7 Qxc3+ 44. Kb6 g2 45. a8=Q Qe3+ 46. Ka6 Qa3+ 47. Kb7 gxf1=Q 48. Bxf1 Qf3+ 49. Kb8 Qxf1 50. Qd5 Qb1+
51. Kc8 Qc2+ 52. Kb8 Qb2+ 53. Kc7 Qf6 54. Qg2+ Kf7 55. Qa2+ Qe6 56. Qh2 Qc4+ 57. Kd6 Qd4+ 58. Kc6 f4 59. Qh7+ Ke6 60. Qh3+ Ke5
61. Qh5+ Ke4 62. Qh4 Kd3 63. Qh3+ Qe3 64. Qf1+ Kc2 65. Qg2+ Kc3 66. Qg5 Qe4+ 67. Kd7 f3 68. Qc1+ Qc2 69. Qa3+ Qb3 70. Qc5+ Kd3
0-1

[Event "The Dragon for the experts"]
[Site "SchemingMind.com"]
[Date "2008.06.21"]
[Round "-"]
[White "the-best"]
[Black "Apocalypse"]
[Result "0-1"]
[WhiteCountry "SWE"]
[BlackCountry "USA"]
[WhiteElo "2000"]
[WhiteRD "90"]
[BlackElo "2360"]
[BlackRD "73"]
[GameID "159655"]

1. e4 c5 2. Nf3 d6 3. d4 cxd4 4. Nxd4 Nf6 5. Nc3 g6 6. Be3 Bg7 7. f3 Nc6 8. Qd2 O-O 9. O-O-O d5 10. exd5 Nxd5
11. Nxc6 bxc6 12. Nxd5 cxd5 13. Qxd5 Qc7 14. Qc5 Qb8 15. b3 Bf5 16. Bd3 Rc8 17. Qa5 Bc3 18. Qb5 Qd6 19. Kb1 a6 20. Qa4 Bd7
21. Qh4 Qa3 22. Bc1 Qc5 23. Qg4 Bxg4
0-1